00295nam a2200097Ia 4500008004100000100002000041245004700061260003700108300000900145650004300154190216s9999||||xx |||||||||||||| ||und|| aBalaguruswamy.E 0aFortran For Beginners Including Fortran 77 bTata Mcgrawhill Publishersc1990 a194p a"Computer Programming. Programs, Data"